000 00288nam a2200085Ia 4500
245 0 _aAcute care : clinical assessment and treatment of acutely ill patients
100 _a Bhengu, Busi Cape Town, South Africa, 2008
_982817
942 _cBK
008 210817s9999 xx 000 0 und d
999 _c300404
_d300403